[Event "I Magistral Barbera del Valles 2021"]
[Site "Barbera del Valles"]
[Date "2021.11.25"]
[Round "5.2"]
[White "Munoz, Miguel"]
[Black "Rios, Cristian Camilo"]
[Result "1/2-1/2"]
[WhiteElo "2450"]
[BlackElo "2460"]
[Annotator "TA"]
[PlyCount "59"]
[EventDate "2021.11.20"]
[EventType "tourn"]
[EventCountry "ESP"]
[SourceTitle "playchess.com"]
[Source "ChessBase"]
[SourceQuality "1"]

{[%evp 11,59,10,10,1,5,4,4,10,8,14,19,18,31,16,21,33,20,38,23,0,0,0,0,0,0,0,0,-21,31,0,20,2,37,0,0,0,0,-14,0,-24,0,0,0,0,0,-8,-8,-8,-8,-5]} 1. e4 c5 2. Nf3 d6 3. Bb5+ Nd7 4. d4 cxd4 5. Qxd4 a6 6. Bxd7+ Bxd7 7. c4 {B51: Sicilian: Moscow Variation (3 Bb5+) without 3...Bd7.} e5 8. Qd3 b5 9. Nc3 {[%cal Rc4b5]} bxc4 10. Qxc4 Nf6 (10... Be6 {looks sharper.} 11. Qd3 h6 12. O-O Be7 13. Nd5 Nf6) 11. Bg5 Be7 12. O-O O-O 13. Bxf6 Bxf6 14. Rfd1 Qb8 {[#]} 15. Rd2 $146 ({Predecessor:} 15. b3 Rc8 16. Qd3 Be6 17. Nd5 Bd8 18. Nd2 Ra7 19. Rac1 h6 20. Rxc8 Qxc8 21. Nc4 {½-½ (75) Szwed,J (2354)-Matinian,N (2491) Legnica 2013}) 15... Rc8 16. Qe2 Be6 17. Rad1 Rc6 18. Nd5 Bd8 19. Ne1 Ra7 (19... g6 $11) 20. g3 Rb7 21. b3 a5 22. Ng2 a4 23. bxa4 Qa7 24. Nge3 Qxa4 25. Qf3 Bg5 26. h4 {The position is equal.} Bxe3 27. Nxe3 Qa3 28. Rd3 Qxa2 29. Rxd6 Rxd6 30. Rxd6 {[%cal Rd6d8] A rather calm draw.  Weighted Error Value: White=0.08/Black=0.09} 1/2-1/2

[Event "I Magistral Barbera del Valles 2021"]
[Site "Barbera del Valles"]
[Date "2021.11.25"]
[Round "5.3"]
[White "Alonso Garcia, Aaron"]
[Black "Asis Gargatagli, Hipolito"]
[Result "0-1"]
[WhiteElo "2367"]
[BlackElo "2502"]
[Annotator "TA"]
[PlyCount "62"]
[EventDate "2021.11.20"]
[EventType "tourn"]
[EventCountry "ESP"]
[SourceTitle "playchess.com"]
[Source "ChessBase"]
[SourceQuality "1"]

{[%evp 19,62,22,8,-3,6,7,18,6,3,-35,-47,-29,-47,-23,0,0,0,0,0,0,0,0,0,0,20,20,14,12,12,18,16,4,105,-108,-91,-138,0,-510,-493,-888,-870,-846,-841,-846,-816]} 1. e4 e5 2. Nf3 Nc6 3. Bb5 a6 4. Ba4 Nf6 5. O-O b5 6. Bb3 Bb7 7. Re1 Bc5 8. c3 d6 9. d4 Bb6 10. a4 O-O $1 {10...0-0 is better than 10...h6.} 11. h3 {C78: Ruy Lopez: Archangelsk and Möller Defences.} Re8 12. d5 Ne7 {[#]} 13. a5 $146 {The position is equal.} ({Predecessor:} 13. Bg5 Ng6 14. Nbd2 h6 15. Be3 Bxe3 16. Rxe3 Nh5 17. Nf1 Ngf4 18. Ng3 Nxg3 19. fxg3 {1-0 (58) Ozbay,E (2027)-Djerroud,C (1524) Chess.com INT 2020}) 13... Ba7 14. Be3 Bxe3 15. Rxe3 c6 16. dxc6 Nxc6 17. Ng5 Rf8 18. Rd3 d5 19. exd5 Nxa5 20. Ne6 $1 {[%cal Re6d8]} fxe6 21. dxe6 Qxd3 22. e7+ $1 Nxb3 23. exf8=R+ Rxf8 24. Qxd3 Nxa1 25. Qd1 Ne4 (25... h6 $11) 26. Na3 $2 (26. f3 $1 $16 {[%cal Rf3e4]} Nc5 27. b4) 26... Rxf2 $17 27. Qxa1 Rd2 ({Better is} 27... Re2 $1 $17 28. Qa2+ Kh8) 28. Qc1 $2 {[%mdl 8192] [#]} (28. Nb1 $11 Rd1+ 29. Kh2) 28... Re2 $1 $19 {Hoping for ...Nd2.Black is clearly winning.} 29. Nc2 {[#]} (29. Qd1 $142 Rxg2+ 30. Kxg2 Nxc3+ {[%mdl 64] Discovered Attack} 31. Qf3 Bxf3+ 32. Kxf3) 29... Ng3 $1 {[%csl Gb7][%cal Re2g2]} 30. Ne1 {[#]} Rxg2+ $1 {[%mdl 576] Clearance} 31. Nxg2 Ne2+ {[%mdl 64] Double Attack.  Weighted Error Value: White=0.61/Black=0.17} 0-1

[Event "I Magistral Barbera del Valles 2021"]
[Site "Barbera del Valles"]
[Date "2021.11.25"]
[Round "5.4"]
[White "Lopez Martinez, Josep Manuel"]
[Black "Sankalp Gupta"]
[Result "0-1"]
[WhiteElo "2520"]
[BlackElo "2468"]
[Annotator "TA"]
[PlyCount "72"]
[EventDate "2021.11.20"]
[EventType "tourn"]
[EventCountry "ESP"]
[SourceTitle "playchess.com"]
[Source "ChessBase"]
[SourceQuality "1"]

{[%evp 13,72,0,0,-10,-1,-10,-22,-34,-33,-40,0,-27,0,-16,0,-71,-80,-114,-121,-112,-119,-121,-111,-139,-115,-139,-132,-140,-143,-154,-162,-190,-193,-198,-199,-218,-193,-191,-181,-174,-181,-348,-336,-337,-327,-320,-321,-377,-382,-375,-374,-537,-525,-553,-514,-601,-588,-674,-668,-764,-731]} 1. d4 Nf6 2. c4 e6 3. Nc3 Bb4 4. e3 O-O 5. Bd3 d5 6. cxd5 exd5 7. Nge2 b6 8. Bd2 {E48: Nimzo-Indian: Rubinstein: 5 Bd3 d5 including 6 Ne2, but excluding 6 a3.} Bd6 9. Rc1 c5 {[#]} 10. h3 $146 {The position is equal.} ({Predecessor:} 10. O-O Bb7 11. Nf4 Nc6 12. Nce2 c4 13. Bb1 b5 14. Nc3 Bxf4 15. exf4 Qb6 16. f5 {0-1 (49) Johansson,L (2457)-Tari,A (2603) Malmo 2018}) 10... Bb7 11. O-O c4 12. Bc2 a6 13. f3 b5 {[%cal Bb6b5,Bb5b4][%mdl 32]} 14. b3 (14. e4 $11 b4 {[#]} 15. e5 $1 (15. Nxd5 Nxd5 16. exd5 Nd7 $11) 15... bxc3 16. bxc3 (16. Bxc3 Bc7 $11)) 14... b4 $17 {Hoping for ...cxb3. Black continues to play with concentration.} 15. Na4 c3 16. Be1 Nbd7 17. Bf2 Qc7 18. Bd3 Rfe8 $36 {[%mdl 2048] Black is in control.} 19. Qc2 Bc6 20. Rfe1 g6 21. Qb1 Re6 22. Rcd1 a5 23. Qc2 Rae8 24. Nc1 Bh2+ 25. Kh1 Bg3 26. Kg1 Nh5 27. Nc5 $2 {[#]} (27. a3) 27... Bxf2+ $19 28. Qxf2 Nxc5 29. dxc5 Qe7 30. e4 dxe4 31. fxe4 Nf6 32. Bc4 (32. e5 {was necessary.}) 32... Nxe4 {Black is clearly winning.} 33. Qe3 Re5 34. Nd3 Rg5 35. Qf4 Rf5 36. Qe3 Qf6 {Weighted Error Value: White=0.34/Black=0.04} 0-1

[Event "I Magistral Barbera del Valles 2021"]
[Site "Barbera del Valles"]
[Date "2021.11.25"]
[Round "5.5"]
[White "Alsina Leal, Daniel"]
[Black "Vasquez Schroeder, Rodrigo"]
[Result "0-1"]
[WhiteElo "2497"]
[BlackElo "2485"]
[Annotator "TA"]
[PlyCount "105"]
[EventDate "2021.11.20"]
[EventType "tourn"]
[EventCountry "ESP"]
[SourceTitle "playchess.com"]
[Source "ChessBase"]
[SourceQuality "1"]

{[%evp 10,105,23,11,37,36,42,42,39,24,37,35,49,48,23,39,53,-9,0,0,0,0,0,0,0,0,32,16,17,-21,6,-22,-21,-56,-18,-82,-75,-127,-133,-132,-131,-120,-124,-154,-144,-149,-152,-147,-127,-130,-106,-128,-129,-147,-135,-183,-216,-213,-118,-125,-97,-189,-185,-186,-155,-321,-321,-279,-315,-314,-308,-323,-322,-382,-382,-375,-361,-561,-314,-1031,-650,-29949,-29944,-29942,-29947,-12140,-10785,-29970,-29972,-10785,-7060,-29984,-29985,-29986,-29987,-29987,-29988,-29989]} 1. e4 c5 2. Nf3 d6 3. d4 cxd4 4. Nxd4 Nf6 5. Nc3 a6 6. a3 g6 {B90: Sicilian Najdorf: Unusual White 6th moves, 6 Be3 Ng4 and 6 Be3 e5.} 7. f3 Bg7 8. Be3 h5 {White is slightly better.} 9. Qd2 Nbd7 10. Be2 {[#]} b6 $146 ({Predecessor:} 10... e6 11. O-O-O Qc7 12. f4 O-O 13. Nb3 Ne8 14. h3 b5 15. g4 Bb7 16. gxh5 Bxc3 17. bxc3 Bxe4 {½-½ (60) Santos Latasa,J (2608)-Peng,L (2474) Peniche 2021}) 11. Nc6 Qc7 12. Nb4 Bb7 13. Nbd5 (13. O-O-O $14) 13... Bxd5 14. Nxd5 Nxd5 15. Qxd5 O-O 16. c3 Nc5 17. Rd1 Na4 18. Bc1 b5 19. Qd3 Qa7 20. g3 Rab8 21. Kf1 a5 22. Qc2 (22. Be3 $1 $11 {remains equal.} Qd7 23. Qd2) 22... Qd7 $17 23. Kg2 {[#]} (23. Rd5 $142) 23... b4 $1 24. axb4 axb4 25. cxb4 Rxb4 26. b3 Nc3 27. Bc4 {Threatening Rd3.} Nxd1 28. Rxd1 Kh7 29. Bg5 Rc8 {aiming for ...Rcxc4!} 30. Qd3 Qe8 31. h4 Ra8 32. Qd2 Rbb8 33. g4 {[#]} Ra4 $3 {[%mdl 512]} 34. Qe2 {[#]} Rxc4 {[%mdl 512]} 35. bxc4 (35. Qxc4 $17 hxg4 36. fxg4) 35... hxg4 $19 36. fxg4 Qd7 37. c5 $2 {This costs White the game.} (37. h5 $17) 37... Rb2 38. Rd2 Rxd2 39. Bxd2 dxc5 40. Be3 c4 41. h5 gxh5 42. gxh5 Qe6 43. Bf4 (43. Qf3 {was worth a try.}) 43... Bd4 44. Kg3 $2 (44. Qf3) 44... c3 45. Qd3 Be5 46. Bxe5 Qxe5+ {[%mdl 4160] Endgame Double Attack. KQ-KQ} 47. Kg4 f6 48. Qc4 Kh6 49. Kf3 Qxh5+ 50. Ke3 Qh3+ {Black mates.} 51. Ke2 Qg2+ 52. Ke3 c2 53. Kd4 {Weighted Error Value: White=0.80/Black=0.22} 0-1

[Event "I Magistral Barbera del Valles 2021"]
[Site "Barbera del Valles"]
[Date "2021.11.26"]
[Round "6.1"]
[White "Garriga Cazorla, Pere"]
[Black "Vasquez Schroeder, Rodrigo"]
[Result "0-1"]
[WhiteElo "2477"]
[BlackElo "2485"]
[Annotator "TA"]
[PlyCount "124"]
[EventDate "2021.11.20"]
[EventType "tourn"]
[EventCountry "ESP"]
[SourceTitle "playchess.com"]
[Source "ChessBase"]
[SourceQuality "1"]

{[%evp 34,124,53,54,31,31,34,27,30,35,20,41,25,28,45,33,15,27,28,12,81,97,219,231,497,504,484,445,389,0,0,0,0,0,0,0,0,0,0,0,0,0,0,0,0,-477,-453,-453,-147,-416,-409,-554,-476,-1116,-731,-708,0,0,0,0,0,0,0,-175,0,-29966,-29965,-29964,-29966,-29968,-29966,-8292,0,-29973,-29974,-29972,-29973,-29974,-29972,-29980,-29981,-29982,-29983,-29985,-29986,-29992,-29993,-29993,-29994,-29994,-29995,-29996,-29995]} 1. Nf3 d5 2. d4 Nf6 3. c4 c6 4. Nc3 e6 5. Bg5 dxc4 6. e4 b5 7. e5 h6 8. Bh4 g5 9. Nxg5 hxg5 10. Bxg5 Nbd7 11. g3 Bb7 12. Bg2 Qb6 13. exf6 c5 14. d5 O-O-O 15. O-O b4 16. Na4 Qa6 17. a3 Bxd5 18. Bxd5 Ne5 $1 {[#] D44: Semi-Slav: Botvinnik System.} 19. Qe2 $1 Rxd5 20. axb4 cxb4 {[#]White has an edge.} 21. Nc3 $1 Qd6 {21...Ra5 is vanishing.} 22. Nxd5 Qxd5 23. f3 $1 Nd3 24. Be3 (24. Rxa7 Qxg5 25. Rxf7 Qe5 $17) 24... Bc5 25. Bxc5 Qxc5+ 26. Kg2 {And now b3! would win.} Qd4 {[#]} (26... Qh5 $2 27. h4 $18) (26... Rd8 $1 $11) 27. Ra5 $146 ({Predecessor:} 27. b3 cxb3 28. Rad1 Rd8 29. h4 a5 30. h5 Qe5 31. Qxe5 Nxe5 32. Ra1 Rd5 33. Rfb1 {½-½ (52) Shyam,S (2486)-Anwesh,U (2374) Athens 2012}) 27... b3 (27... Kc7 $16 {might work better.}) 28. Rfa1 $1 $18 Nxb2 $2 (28... Qxf6 29. R5a4 (29. Rxa7 Rh5 $16) 29... Qd4) 29. Rxa7 Nd3 30. Rxf7 {[%cal Ra1a8]} Kb8 ({Stronger than} 30... Qxa1 31. Qxe6+ Kb8 32. Qb6+ Kc8 33. Qc7#) 31. Raa7 (31. Rb1 $18) 31... Qxa7 $11 32. Rxa7 {Qe3 would kill now.} b2 $36 {[%mdl 2048] Black has good play.} 33. Re7 {White threatens Qe3 and mate.} b1=Q {White must now prevent ...Ne1+.} 34. f7 Ne1+ 35. Qxe1 $1 Qxe1 36. Re8+ Rxe8 $1 37. fxe8=Q+ {[%mdl 4096] Endgame KQ-KQ} Kc7 {Strongly threatening ...c3.} 38. Qb5 Qd2+ 39. Kh3 $2 {[%mdl 8192]} (39. Kf1 $11 {and White stays safe.} Qd3+ 40. Kg2) 39... c3 $19 40. Qb4 Kc6 $2 ({Not} 40... Qh6+ 41. Kg4 $11) (40... Qd3 $19 {is more deadly.} 41. Qc5+ Kd7 42. Qa7+ Kc6 43. Qa4+ Qb5) 41. Qc4+ $2 {[%mdl 8192]} (41. g4 $17 {is a better defense.}) 41... Kd6 42. Qb4+ Kd5 $1 43. f4 (43. g4 $142 Qe3 44. Qb3+ Kd4 45. Kg3) 43... Qd4 44. Qb5+ Kd6 $2 (44... Qc5 $1 $19 {[%cal Rc5b5]} 45. Qd3+ Kc6 46. Qe4+ {[%mdl 64] Double Attack} Kc7 47. Qh7+ Kb6 48. Qb1+ Ka6) 45. Qa6+ $11 Ke7 46. Qc6 Qd3 {...c2 is the strong threat.} 47. Qc7+ Kf6 48. Qc8 $2 (48. Qe5+ $11 {and White has nothing to worry.} Kf7 49. Qc7+ Kg6 50. Qc8) 48... Kf5 $2 (48... e5 $1 $19 {Threatens to win with ...Qf5+.} 49. Qf8+ Ke6 50. Qe8+ Kd5 51. Qxe5+ Kc6 52. Qe6+ Kc7 53. Qe5+ Kc6 54. Qe6+ Kc7 55. Qe5+ Kc6) 49. Qg8 $2 {[%mdl 8192]} (49. Qb7 $11 Kf6 50. Qc8) 49... Ke4 $1 {[%cal Re4f3]} 50. Qxe6+ {[#]} Kf3 $1 51. Qc6+ Kf2 52. Qc5+ Kf3 $2 ({Better is} 52... Kf1 $19 53. Qa3 Qd2) 53. f5 $2 {[%mdl 8192]} (53. Qc6+ $11 Kf2 54. Qc5+ Kf1 55. f5) 53... c2 {Black mates.} 54. Qc6+ Kf2 55. Qc5+ {[#]} Kf1 $1 56. Kh4 Qd2 57. Qc4+ Kg2 58. Qe4+ Kxh2 59. Qe5 Qh6+ 60. Kg4 c1=Q 61. Qe2+ Kg1 62. Kf3 Qcc6+ {Quite a comeback for Black.  Weighted Error Value: White=0.78/Black=0.51} 0-1

[Event "I Magistral Barbera del Valles 2021"]
[Site "Barbera del Valles"]
[Date "2021.11.26"]
[Round "6.2"]
[White "Sankalp Gupta"]
[Black "Alsina Leal, Daniel"]
[Result "0-1"]
[WhiteElo "2468"]
[BlackElo "2497"]
[Annotator "TA"]
[PlyCount "109"]
[EventDate "2021.11.20"]
[EventType "tourn"]
[EventCountry "ESP"]
[SourceTitle "playchess.com"]
[Source "ChessBase"]
[SourceQuality "1"]

{[%evp 22,109,55,57,56,52,49,47,45,0,0,0,0,0,0,-15,-8,-11,-23,-14,0,0,0,-20,0,0,0,0,0,0,0,0,0,0,0,0,0,0,0,0,0,0,0,0,0,0,0,0,0,0,0,0,0,0,0,0,0,0,-28000,-28000,-28000,-28000,-28000,-28000,-28000,-28000,-28000,-28000,-28000,-28000,-28000,-28000,-28000,-28000,-28000,-28000,-28000,-28000,-28000,-27994,-27994,-27995,-27995,-27994,-27994,-27995,-27995,-27996,-27996,-27996]} 1. e4 c5 2. Nf3 d6 3. d4 cxd4 4. Nxd4 Nf6 5. Nc3 a6 6. Bg5 e6 7. f4 Be7 8. Qf3 Qc7 9. O-O-O Nbd7 10. g4 h6 11. Bxf6 Bxf6 12. h4 Nb6 $1 {[%mdl 4] now scores much better than the old 12...Qb6. B99: Sicilian Najdorf: 6 Bg5 e6 7 f4 Be7 8 Qf3 Qc7 9 0-0-0 Nbd7.} 13. g5 Bxd4 14. Rxd4 Qc5 {White is slightly better.} 15. Qd3 {And now gxh6 would win.} hxg5 16. b4 ({Reject} 16. Rxd6 {[#]} Nd5 $1 $17) 16... Qc7 {[#] White must now prevent ...e5.} 17. fxg5 {[#]} Ke7 $146 ({Predecessor:} 17... Bd7 18. g6 f6 19. Rxd6 Rc8 20. Qd4 Na8 21. Kb2 Ke7 22. e5 fxe5 23. Qxe5 Qxc3+ 24. Qxc3 Rxc3 25. Rxd7+ Kxd7 26. Kxc3 {1-0 (45) Lee,J (2404)-Liyanage,R (2203) chess.com INT 2021}) 18. Be2 e5 19. Nd5+ $1 Nxd5 20. Rc4 Qb6 21. exd5 Bd7 {Hoping for ...Bb5.} 22. Qf3 Bb5 23. Rg4 Bxe2 24. Qxe2 Qb5 25. Qf3 Rac8 26. h5 Rc4 27. Rxc4 Qxc4 $11 {[%mdl 4096] Endgame KQR-KQR} 28. Rf1 Qf4+ 29. Qxf4 exf4 {KR-KR} 30. Re1+ Kf8 31. Rh1 b5 32. Rh4 f6 33. Rxf4 Rxh5 34. gxf6 g6 35. c4 bxc4 (35... Kf7 {is more complex.} 36. Re4 bxc4 37. Rxc4 Rxd5 38. Rc6 g5) 36. Rxc4 Rxd5 37. Rc6 a5 38. bxa5 Rxa5 39. Rxd6 Rxa2 $2 {[%mdl 8192] White is on the road to losing.} (39... Ke8 $11) 40. Kd1 {Black mates.} Rf2 41. Ke1 Rf5 42. Ke2 Kf7 43. Ke3 g5 44. Ke4 Rf1 45. Ke5 Kg6 46. Ra6 Re1+ 47. Kd5 Re2 48. Rb6 Kf7 49. Ra6 Re8 50. Ra1 Kxf6 51. Rf1+ Kg6 52. Kd4 g4 53. Kd3 Kg5 54. Rg1 Kh4 55. Kd4 {Weighted Error Value: White=0.02/Black=0.01} 0-1

[Event "I Magistral Barbera del Valles 2021"]
[Site "Barbera del Valles"]
[Date "2021.11.26"]
[Round "6.3"]
[White "Asis Gargatagli, Hipolito"]
[Black "Lopez Martinez, Josep Manuel"]
[Result "1-0"]
[WhiteElo "2502"]
[BlackElo "2520"]
[Annotator "TA"]
[PlyCount "79"]
[EventDate "2021.11.20"]
[EventType "tourn"]
[EventCountry "ESP"]
[SourceTitle "playchess.com"]
[Source "ChessBase"]
[SourceQuality "1"]

{[%evp 11,79,10,22,17,23,23,37,35,36,20,22,15,36,20,26,10,7,4,17,4,17,8,19,12,13,12,19,6,20,19,20,16,59,60,48,36,39,0,72,22,96,42,67,70,80,0,123,120,110,101,210,212,200,226,222,216,431,407,414,396,390,385,354,317,1335,1336,1145,1103,1098,1093]} 1. e4 e5 2. Nf3 Nc6 3. Bc4 Bc5 4. c3 Nf6 5. d3 d6 6. O-O a6 7. a4 {is cutting edge theory. C54: Giuoco Piano: 4 c3 Nf6, main lines with 5 d4 and 5 d3.} Ba7 8. Re1 Be6 9. Bxe6 {White is slightly better.} fxe6 10. Be3 Bxe3 11. Rxe3 O-O {[#]} 12. Nbd2 $146 ({Predecessor:} 12. b4 Qd7 13. Nbd2 Ne7 14. d4 Ng6 15. g3 h6 16. Rd3 exd4 17. cxd4 Rae8 18. Rc1 {½-½ (27) Bacrot,E (2678)-Delorme,A (2480) Chalons en Champagne 2021}) 12... a5 13. Nf1 Nd7 14. Ng3 Kh8 15. Rc1 Ra6 16. Rc2 Rb6 17. Rd2 Qe8 18. h3 h6 19. d4 exd4 20. cxd4 Nb4 21. Ne2 {[%cal Bg3e2,Be2c3,Bc3a2][%mdl 32]} Na6 22. Nc3 Rb4 23. Na2 Rb6 24. Nc3 Rb4 $1 25. g3 Rf7 (25... c6 $11) 26. Nh4 (26. e5 $16) 26... e5 27. Nf3 Rf8 28. b3 ({Better is} 28. Nd5 $16) 28... Rb6 (28... Qf7 $1 $11 {keeps the balance.} 29. Nb5 exd4 30. Nfxd4 Nac5) 29. dxe5 $16 Nxe5 30. Nd4 c6 {[#]} (30... Nb4 $16 {was worth a try.}) 31. Nf5 $1 $18 Nc5 32. Rxd6 Rxb3 {and if ...Qf7 works, Black does fine.} 33. Qd4 Rb4 $2 (33... Ncd7 {keeps fighting.}) 34. Qxc5 b6 {[#]} 35. Rxh6+ $1 {[%mdl 64] Clearance} gxh6 36. Qd6 Ng6 37. h4 ({Weaker is} 37. Nxh6 Rc4 $18) 37... Rg8 $2 (37... h5 38. g4 Qf7 39. gxh5 Rg8) 38. Qf6+ {White is clearly winning.} Kh7 39. h5 Rc4 40. Nd6 {[%mdl 64] Double Attack.  Weighted Error Value: White=0.09/Black=0.30} 1-0

[Event "I Magistral Barbera del Valles 2021"]
[Site "Barbera del Valles"]
[Date "2021.11.26"]
[Round "6.4"]
[White "Rios, Cristian Camilo"]
[Black "Alonso Garcia, Aaron"]
[Result "1/2-1/2"]
[WhiteElo "2460"]
[BlackElo "2367"]
[Annotator "TA"]
[PlyCount "181"]
[EventDate "2021.11.20"]
[EventType "tourn"]
[EventCountry "ESP"]
[SourceTitle "playchess.com"]
[Source "ChessBase"]
[SourceQuality "1"]

{[%evp 15,181,59,80,74,82,78,82,75,75,75,76,75,75,75,79,77,77,81,77,77,82,76,69,70,75,43,158,20,75,40,53,35,63,-171,-153,-164,-167,-211,-206,-207,-212,-205,-212,-225,-222,-195,-128,-137,-67,-58,-56,-63,-67,-57,-57,-67,-56,-56,-56,-56,-56,-56,-26,-27,-27,-27,-33,-32,0,-8,-8,-8,-8,-23,-8,-23,-9,-56,0,-15,-8,-56,-56,-56,-56,-56,-56,-56,-33,-56,-56,-56,-56,-56,-56,-56,-56,-70,-56,-56,-56,-56,-56,-56,-56,-56,-8,-12,-8,-8,-8,-8,-8,-8,0,0,0,-8,-8,-8,-8,-8,-8,-8,-8,-8,-8,-8,-8,-8,-8,-8,-8,-8,-8,-21,-8,-8,-8,-8,-8,-8,-8,-8,0,-8,-8,-8,-8,-8,-8,-8,-8,-8,-8,-8,0,0,0,0,0,-4,-5,-8,-8,-8,-8,-8]} 1. e4 g6 2. d4 Bg7 3. c4 d6 4. Nc3 Nf6 5. f3 O-O 6. Bg5 Nc6 7. Nge2 h6 8. Be3 e5 9. d5 {E81: King's Indian: Sämisch: 6th move deviations (including 6 Be3 c6).} Na5 {[#]} 10. b3 $146 ({Predecessor:} 10. Nc1 c5 11. g4 Nh7 12. h4 f5 13. gxf5 gxf5 14. Qd2 f4 15. Bf2 a6 16. Nb3 Bd7 {0-1 (53) Fajman,P (2267)-Krejcik,J (2177) Czech Republic 2013}) 10... c5 11. Qd2 {White is better.} h5 12. Nc1 Bd7 13. Bd3 Nh7 14. O-O Bf6 15. N1e2 Bg5 16. f4 exf4 17. Nxf4 b6 18. Rf2 Qe7 19. Raf1 Rae8 20. Bc2 a6 {[#]} (20... Bh4 $14) 21. Kh1 (21. Nxh5 $1 $16 {[%mdl 512]} Bxe3 (21... gxh5 22. e5) 22. Qxe3) 21... b5 (21... Bh4 $11) 22. e5 $16 Qxe5 23. Ne4 Bd8 24. Nxc5 $2 (24. Ne2 $14 {keeps the upper hand.}) 24... dxc5 $19 25. Bxc5 bxc4 26. Re2 Qg5 27. Bxf8 {Threatens to win with Bb4.} Rxe2 28. Qxe2 {Strongly threatening Bb4.} Nxf8 29. bxc4 {[#]} Nxc4 {[%mdl 512]} 30. a4 ({Avoid the trap} 30. Qxc4 $2 Bb5 $19) 30... Nb6 (30... Ne5 $19 31. Bb3 Qe7 32. Qxa6 Qa3) 31. Bb3 $17 Bxa4 (31... Nc8 $17 {White must now prevent ...Bc7.} 32. Qxa6 Ne7) 32. Bxa4 $15 Nxa4 33. Qe8 {[#] Hoping for Ne6!} Qf6 {And now ...Nc5 would win.} 34. Qxa4 g5 35. Qa1 gxf4 36. Qxf6 Bxf6 37. Rxf4 Nd7 38. d6 Kf8 39. Ra4 Nc5 40. Rc4 Ne6 41. Ra4 Nc5 42. Rc4 {[%cal Rc4c5]} Nb7 {next ...Bd8 is good for Black.} 43. Rc8+ Nd8 44. Ra8 Ke8 45. Rxa6 Kd7 46. Rb6 Be5 ({Black should play} 46... h4 $15) 47. Rb5 Kxd6 48. g3 Ke6 49. Kg2 Kf5 50. Ra5 Ne6 51. Ra7 f6 52. Rh7 Kg6 53. Ra7 Nd4 54. Ra8 Nf5 55. Rg8+ Kh7 56. Re8 Nh6 57. Ra8 Kg6 58. Rh8 Kg7 59. Ra8 Nf5 60. Kf3 h4 61. gxh4 {The position is equal.} Nxh4+ 62. Kg4 $1 Ng2 63. h4 Ne3+ 64. Kh5 Ng2 (64... Nd5 {seems wilder.} 65. Ra7+ Bc7 66. Kg4 Kg6 67. h5+ Kh6) 65. Ra7+ (65. Kg4 {keeps more tension.}) 65... Kg8 66. Ra2 Nf4+ 67. Kg4 Kg7 68. Kf5 Kh6 69. Ra4 Nh5 70. Ra5 Ng7+ 71. Kg4 $1 Kg6 72. Ra6 Ne8 73. h5+ Kh6 74. Ra8 $1 {[%cal Ra8e8]} Nd6 {Black wants to play ...f5+.} 75. Rh8+ Kg7 {( -> ...f5+)} 76. Ra8 Nc4 77. Kf5 Ne3+ 78. Ke6 Ng4 (78... Bc3 {with more complications.} 79. Re8 f5 80. Re7+ Kh6 81. Rf7 Kxh5 82. Rxf5+ Nxf5 83. Kxf5 Bb2) 79. Kf5 Ne3+ (79... Nh2 {looks sharper.} 80. Rd8 Nf1 81. Rd7+ Kh6 82. Rd3 Nh2) 80. Ke6 Nc2 81. Re8 Nd4+ 82. Kd5 Nf3 83. Ke4 {[#]} Kf7 $1 84. Ra8 {aiming for Ra7+.} (84. Rd8 Nh4) 84... Nh4 85. Ra7+ $1 Ke6 86. Ra6+ Bd6 87. h6 f5+ 88. Kd4 Nf3+ 89. Ke3 {White threatens h7 and mate.} Ng5 90. Rxd6+ {[%mdl 64] Remove Defender} Kxd6 91. Kf4 {[%mdl 64] Double Attack. And White is the lucky defender.  Weighted Error Value: White=0.15/Black=0.14} 1/2-1/2

[Event "I Magistral Barbera del Valles 2021"]
[Site "Barbera del Valles"]
[Date "2021.11.26"]
[Round "6.5"]
[White "Hernandez, Cristian"]
[Black "Munoz, Miguel"]
[Result "1-0"]
[WhiteElo "2376"]
[BlackElo "2450"]
[Annotator "TA"]
[PlyCount "73"]
[EventDate "2021.11.20"]
[EventType "tourn"]
[EventCountry "ESP"]
[SourceTitle "playchess.com"]
[Source "ChessBase"]
[SourceQuality "1"]

{[%evp 23,73,0,0,0,0,0,0,0,4,8,35,39,42,45,51,22,60,58,75,75,79,69,69,71,75,68,75,54,63,66,65,51,88,47,105,98,268,200,397,174,623,623,546,441,502,491,484,387,867,839,741,708]} 1. d4 Nf6 2. c4 c5 3. d5 d6 4. Nc3 g6 5. e4 Bg7 6. Nf3 O-O 7. h3 e6 8. Bd3 exd5 9. cxd5 b5 10. Nxb5 Re8 11. O-O Nxe4 12. Re1 a6 13. Nc3 $1 {[%mdl 4] now scores much better than the old 13.Na3. A70: Modern Benoni: 6 e4 g6 7 Nf3.} Nxc3 14. Rxe8+ Qxe8 15. bxc3 {The position is equal.} Nd7 16. Rb1 Ne5 17. Nxe5 {[#]} Qxe5 $146 ({Predecessor:} 17... Bxe5 18. Qb3 Kg7 19. Bd2 Qd7 20. f4 Bf6 21. f5 g5 22. Qc4 h6 23. h4 Qd8 {1-0 (60) Richter,M (2459)-Syre,C (2264) Berlin 2010}) 18. c4 Bd7 19. Qf3 Qe1+ 20. Kh2 $1 Be5+ 21. Bf4 Qc3 {[#] White must now prevent ...Bxf4+.} 22. Bxe5 Qxe5+ 23. Qg3 Qxg3+ 24. Kxg3 $16 {[%mdl 4096] Endgame Strongly threatening Rb6. KRB-KRB} Kf8 25. Kf4 h6 $1 26. h4 Ke7 27. Rb6 a5 28. g4 g5+ (28... a4 $14) 29. Kg3 Ra7 $2 {This costs Black the game.} (29... Bc8 $16 {was necessary.}) 30. Rb8 $18 Be8 $2 (30... gxh4+ {was called for.} 31. Kxh4 Kf6) 31. f4 (31. h5 $142) 31... f6 $2 (31... gxh4+ 32. Kxh4 f6) 32. h5 a4 33. a3 Bd7 34. Kf3 Rc7 35. Bc2 Ra7 $2 (35... Be8 36. Bf5 Ra7) 36. Rh8 Rb7 {[#]} 37. Bxa4 $1 {[%mdl 512] Weighted Error Value: White=0.15/Black=0.58} 1-0